Energy sector (Record no. 109601)

MARC details
000 -LEADER
fixed length control field 01208cad a22002295a 4500
001 - CONTROL NUMBER
control field E147530
008 - FIXED-LENGTH DATA ELEMENTS--GENERAL INFORMATION
fixed length control field 090520s2009 xxkd f s000 0 eng d
035 ## - SYSTEM CONTROL NUMBER
System control number (Sirsi) u147530
041 0# - LANGUAGE CODE
Language code of text/sound track or separate title eng
050 04 - LIBRARY OF CONGRESS CALL NUMBER
Classification number 333.72 $2 18
110 2# - MAIN ENTRY--CORPORATE NAME
Corporate name or jurisdiction name as entry element Scotland
Subordinate unit Scottish Government
9 (RLIN) 5344
245 00 - TITLE STATEMENT
Title Energy sector
Remainder of title key sector report
Medium [electronic resource]
260 ## - PUBLICATION, DISTRIBUTION, ETC.
Place of publication, distribution, etc. Edinburgh
Name of publisher, distributor, etc. Scottish Government
Date of publication, distribution, etc. 2009
505 2# - FORMATTED CONTENTS NOTE
Formatted contents note Overview: context; importance of the energy sector to the Scottish economy; rationale for Key Sector Status; overall objectives of current activity; national conversation; international dimension; public roles -- Challenges and opportunities: challenges; economic prospects for the energy industry; opportunities -- A greener deal for Scotland -- Way forward
520 ## - SUMMARY, ETC.
Summary, etc. Examines the importance of energy to Scotland's economy, and looks at possible directions for energy policy in the future. Tables.
521 ## - TARGET AUDIENCE NOTE
Target audience note Advanced
590 ## - LOCAL NOTE (RLIN)
Local note KA
651 #4 - SUBJECT ADDED ENTRY--GEOGRAPHIC NAME
Geographic name Scotland
Chronological subdivision 1999-
690 ## - LOCAL SUBJECT ADDED ENTRY--TOPICAL TERM (OCLC, RLIN)
Topical term or geographic name as entry element ENVIRONMENTAL AND LAND CONSULTANCY-ENERGY
856 40 - ELECTRONIC LOCATION AND ACCESS
Uniform Resource Identifier <a href="https://www.scotland.gov.uk/Publications/2009/05/energysectorreport/pdf">https://www.scotland.gov.uk/Publications/2009/05/energysectorreport/pdf</a>
Public note View the report free of charge at www.scotland.gov.uk...
942 ## - ADDED ENTRY ELEMENTS (KOHA)
Suppress in OPAC 0
Holdings
Withdrawn status Lost status Source of classification or shelving scheme Damaged status Not for loan Home library Current library Shelving location Date acquired Total Checkouts Full call number Barcode Date last seen Copy number Price effective from Koha item type
    Dewey Decimal Classification     Virtual Virtual Online 20/05/2009   ONLINE PUBLICATION 147530-2001 06/08/2019 1 06/08/2019 Book